LEADER 01144nam a22002651i 4500 001 991003147419707536 005 20040610181041.0 008 040624s1975 it |||||||||||||||||ita 035 $ab13030784-39ule_inst 035 $aARCHE-098846$9ExL 040 $aDip.to Beni Culturali$bita$cA.t.i. Arché s.c.r.l. Pandora Sicilia s.r.l. 082 04$a930.4916 100 1 $aGuzzo, Pier Giovanni$040072 245 10$aQuaderni del CVA-Italia 1 :$b[indici per provenienze e per bibliografia di H. Payne, Necrocorinthiae di R. J. Hopper adenda to Necrocorinthia] /$cP. G. Guzzo 260 $aRoma :$bL'Erma di Bretschneider,$c1975 300 $a45 p. ;$c33 cm 500 $aIn testa al front.: Union académique internationale 650 4$aVasi greci$xGrecia$xCorinto$vIndici 710 2 $aUnion académique internationale 907 $a.b13030784$b02-04-14$c12-07-04 912 $a991003147419707536 945 $aLE001 CVA ITAL QUAD.1$g1$i2001000140824$lle001$nC. 1$o-$pE0.00$q-$rn$so $t0$u0$v0$w0$x0$y.i13646217$z12-07-04 996 $aQuaderni del CVA-Italia 1$9287708 997 $aUNISALENTO 998 $ale001$b12-07-04$cm$da $e-$fita$git $h0$i1 LEADER 01388nam a2200265 i 4500 001 991001205439707536 008 050907s2001 it 001 0 ita d 020 $a8814089531 035 $ab1333640x-39ule_inst 040 $aDip.to Studi Giuridici$bita 082 0 $a364.45 100 1 $aMastronardi, Vincenzo $0526433 245 10$aManuale per operatori criminologici e psicopatologi forensi :$bil colloquio, il trattamento, le misure alternative alla detenzione, la comunicazione non verbale, le cause del disadattamento e della criminalità, l'esame psichico, esempi di perizie psichiatrico forensi, la pericolosità sociale, la perizia nel nuovo codice di procedura penale, perversioni sessuali e serial killers, la violenza sui minori, circonvenzione di incapaci: anziani / Vincenzo Mastronardi ; con presentazione di Paolo Arbarello 250 $a4. ed. 260 $aMilano :$bGiuffre,$c2001 300 $axxiv, 536 p. ;$c24 cm 650 4$aCriminologia 650 4$aPsichiatria forense 700 1 $aArbarello, Paolo 907 $a.b1333640x$b02-04-14$c07-09-05 912 $a991001205439707536 945 $aLE027 364.45 MAS01.02$g1$i2027000100538$lle027$og$pE35.12$q-$rl$s- $t0$u16$v4$w16$x0$y.i14122947$z07-09-05 996 $aManuale per operatori criminologici e psicopatologi forensi$9884258 997 $aUNISALENTO 998 $ale027$b07-09-05$cm$da $e-$fita$git $h0$i0